Monarchical titles - Statistics

General Stats
  • This quiz has been taken 1,419 times
  • The average score is 6 of 10
Answer Stats
Example countries Monarch % Correct
United Kingdom, Spain King
100%
Japan Emperor
90%
Liechtenstein, Monaco Prince
85%
Brunei, Oman Sultan
83%
Qatar, Kuwait Emir
75%
Luxembourg Grand Duke
44%
United Arab Emirates President
43%
Andorra Episcopal {Co-Prince}
15%
Andorra French {Co-Prince}
15%
Vatican City Sovereign
5%
No matching quizzes found
Score Distribution
Percent of People with Each Score
Percentile by Number Answered
Your Score History
You have not taken this quiz